| 000 | 00882nas a2200301 4500 | ||
|---|---|---|---|
| 001 | BR9703771 | ||
| 003 | BR-BrBNA | ||
| 005 | 20231205100357.0 | ||
| 007 | ta | ||
| 008 | 230509b bl.|||p| |||| 00| 00por d | ||
| 040 |
_aBR-BrBNA _bpor _cBiblioteca Nacional de Agricultura |
||
| 041 | _a(Pt) | ||
| 072 | _aQ02 | ||
| 100 | 1 | _aKluge, R.A. | |
| 100 | 1 | _aRodrigues, D.S. | |
| 100 | 1 | _aKalil, G.P.C. | |
| 100 | 1 | _aRusso, R. | |
| 100 | 1 | _aLucas, M.B. | |
| 100 | 1 | _aMinami, K. | |
| 245 | 1 | _aInfluencia do estadio de maturacao e da cobertura com polietileno na conservacao de tomates frigorificados | |
| 650 | _aPolietileno | ||
| 650 | _aMaturacao | ||
| 650 | _aArmazenamento | ||
| 650 | _aTomate | ||
| 773 | 0 |
_tScientia Agricola (Brazil) _xISSN 0103-9016 _g(Jan-Apr 1996), v. 53(1) p. 6-13 _wBR9703771 |
|
| 909 |
_a202311 _bLúcia _c55 _dLúcia Elande |
||
| 942 |
_2AGRIS _n0 _cANA |
||
| 999 |
_c155679 _d155679 |
||